000
00250nam a22001097a 4500
082
_a
333
100
_a
Shukla, Ajay
_9
80574
245
_a
Global Climate Change
260
_a
Delhi
_b
Pratibha Book
_c
2018
650
_a
Environment
_9
80575
942
_c
BK
999
_c
63898
_d
63898